| 000 | 00344nam a2200133Ia 4500 | ||
|---|---|---|---|
| 008 | 240624s9999 xx 000 0 und d | ||
| 041 | _aeng | ||
| 082 | _a658.4038 GOR | ||
| 100 | _aGORELICK CAROL | ||
| 245 | _aPERFORMANCE THROUGH LEARNING KNOWLEDGE M | ||
| 260 |
_c2009 _aNoida _bElsevier |
||
| 300 | _axxiv, : 408p. ; 22cm. | ||
| 365 |
_cRS _b35 |
||
| 999 |
_c13846 _d13846 |
||